[Event "Cairo Al Ain op"]
[Site "Cairo"]
[Date "2023.11.30"]
[Round "6"]
[White "Elsersawy, Khaled"]
[Black "Elhalwagy, Islam"]
[Result "1-0"]
[WhiteElo "1949"]
[BlackElo "2044"]
[PlyCount "143"]
[EventDate "2023.11.27"]
[EventType "swiss"]
[EventRounds "10"]
[EventCountry "EGY"]
[SourceTitle "CB49_2023"]
[SourceDate "2023.12.06"]
[SourceVersion "1"]
[SourceVersionDate "2023.12.06"]
[SourceQuality "1"]

1. e4 c5 2. Nf3 Nc6 3. Bc4 e6 4. Nc3 a6 5. a4 Qc7 6. d3 Nf6 7. Bg5 Be7 8. Bh4 d6 9. 0-0 0-0 10. Re1 Ne5 11. Nxe5 dxe5 12. a5 Bd7 13. Re3 Bc6 14. Rh3 Rfd8 15. Qf3 Rd4 16. b3 Rad8 17. Bxf6 Bxf6 18. Qh5 h6 19. Ne2 R4d7 20. Qg4 Kf8 21. Rf3 h5 22. Qxh5 Bxe4 23. Re3 Bg6 24. Qh3 e4 25. Ra4 Ke7 26. g3 Bf5 27. g4 Bg6 28. dxe4 Rd1+ 29. Kg2 Bg5 30. Bd3 Bxe3 31. Qxe3 Qd6 32. Nf4 Bh7 33. Rc4 Rc8 34. b4 Qe5 35. c3 g5 36. Nh5 Bg6 37. Qe2 Rc1 38. Qd2 Ra1 39. Ng3 Qf4 40. Qe2 Rc7 41. Nf5+ Kf8 42. Ne3 cxb4 43. Rxb4 Rxc3 44. Qb2 Raa3 45. Bb1 Kg8 46. e5 Bxb1 47. Rxf4 Rab3 48. Qd2 gxf4 49. Qd8+ Kh7 50. Qh4+ Kg7 51. Qf6+ Kg8 52. Qxf4 Rd3 53. h4 Rb2 54. Nc4 Rb4 55. h5 Ba2 56. Qg5+ Kf8 57. Qh6+ Ke8 58. Nd6+ Kd7 59. Qf8 Kc6 60. f3 Rb2+ 61. Kg3 Kd5 62. h6 Rbb3 63. Qxf7 Bb1 64. Nxb7 Rdc3 65. Qd7+ Kxe5 66. Qd6+ Kf6 67. Qd4+ Kf7 68. Qd7+ Kf8 69. Qd8+ Kf7 70. Nd6+ Kg6 71. Qg8+ Kf6 72. Qg7# 1-0